000
00281nam a22001337a 4500
008
170519b xxu||||| |||| 00| 0 eng d
020
_a
0841912963
041
_a
eng
080
_2
2ND
_a
94
100
_a
16
101
_a
SHH
245
_a
ARGENTINA
_c
WYNIA, G.W
942
_2
udc
_c
BK
999
_c
13577
_d
13577